00359nam a22001457a 4500003000600000005001700006008004100023040000800064082001500072100001900087245003000106260004700136300001200183650001800195GBCCL20241126110701.0220121b ||||| |||| 00| 0 eng d cgbc a248.4bHAN aHangluah, Lian aMelange cby H Kapginlian aLamka: bH Ningzangai and family , c2020. a177p. ; aShort stories